Komparácia indikátorov kvality života
Intenzita prepojenia medzi subjektívnymi a objektívnymi ukazovateľmi kvality života identifikovanými v Európskom prieskume kvality života a indexe lepšieho života ako základ pre pokračovanie výskumu porovnávajúceho spotrebu s kvalitou.
Na minha lista:
| Autor principal: | |
|---|---|
| Formato: | Capítulo de Livro |
| Idioma: | eslovaco |
| Assuntos: | |
| Tags: |
Sem tags, seja o primeiro a adicionar uma tag!
|
MARC
| LEADER | 00000naa$a2200000$$$4500 | ||
|---|---|---|---|
| 001 | 0281170 | ||
| 005 | 20240530065016.3 | ||
| 041 | 0 | |a slo | |
| 044 | |a SK | ||
| 245 | 1 | 0 | |a Komparácia indikátorov kvality života |c Daniela Rybárová |
| 520 | |a Intenzita prepojenia medzi subjektívnymi a objektívnymi ukazovateľmi kvality života identifikovanými v Európskom prieskume kvality života a indexe lepšieho života ako základ pre pokračovanie výskumu porovnávajúceho spotrebu s kvalitou. | ||
| 610 | 2 | 0 | |a kvalita života |
| 610 | 2 | 0 | |a ukazovatele |
| 610 | 2 | 0 | |a spotreba |
| 610 | 2 | 0 | |a Európa |
| 100 | 1 | |a Rybárová, Daniela, 1967- | |